000 00534 a2200181 4500
001 066063
003 OSt
005 20210909104838.0
008
082 _a305.488914
_bS87S
245 1 _aSouth Asian women in the diaspora
_cedited by Nirmal Puwar and Parvati Raghuram
260 _aNew Delhi
_bOxford
_c2004
300 _a252p.
690 _aWomen; South Asia; East Indian diaspora; South Asian diaspora
700 _ePuwar, Nirmal, ed.
700 _eRaghuram, Parvati, ed.
942 _2ddc
_cBK
999 _c255
_d255